Design seen as key to better hospitals (Record no. 117917)
[ view plain ]
| 000 -LEADER | |
|---|---|
| fixed length control field | 01274cam a2200217 4500 |
| 001 - CONTROL NUMBER | |
| control field | ABS68091 |
| 008 - FIXED-LENGTH DATA ELEMENTS--GENERAL INFORMATION | |
| fixed length control field | 040831n2004 000 0 eng u |
| 035 ## - SYSTEM CONTROL NUMBER | |
| System control number | (Sirsi) u127208 |
| 100 ## - MAIN ENTRY--PERSONAL NAME | |
| Personal name | Morris, H. |
| 245 ## - TITLE STATEMENT | |
| Title | Design seen as key to better hospitals |
| 260 ## - PUBLICATION, DISTRIBUTION, ETC. | |
| Date of publication, distribution, etc. | 2004 |
| 490 ## - SERIES STATEMENT | |
| Series statement | Planning (for the Natural and Built Environment) |
| Volume/sequential designation | (1583) 20 August 2004, 16-17(2) |
| 520 ## - SUMMARY, ETC. | |
| Summary, etc. | As part of its Healthy Hospital campaign the Commission for Architecture and the Built Environment commissioned consultancy PricewaterhouseCoopers to seek nurses' views on the design and layout of hospitals. Results show that 86% of directors of nursing believe that good design and layout are important for recruiting well qualified nursing staff. Welldesigned public spaces, landscaped outdoor areas, attention to fixture and fittings aimed at reducing risk of spread of infection are important design features. Lists new hospital developments planned under the government's £4bn health care investment programme. Refers to the controversial Royal London hospital development programme. |
| 590 ## - LOCAL NOTE (RLIN) | |
| Local note | ABS |
| 590 ## - LOCAL NOTE (RLIN) | |
| Local note | ABS |
| 650 ## - SUBJECT ADDED ENTRY--TOPICAL TERM | |
| Topical term or geographic name entry element | HOSPITALS |
| 650 ## - SUBJECT ADDED ENTRY--TOPICAL TERM | |
| Topical term or geographic name entry element | OPEN SPACES |
| 650 ## - SUBJECT ADDED ENTRY--TOPICAL TERM | |
| Topical term or geographic name entry element | LANDSCAPING |
| 690 ## - LOCAL SUBJECT ADDED ENTRY--TOPICAL TERM (OCLC, RLIN) | |
| Topical term or geographic name as entry element | BUILDING AND CONSTRUCTION-DESIGN AND STRUCTURES |
| 942 ## - ADDED ENTRY ELEMENTS (KOHA) | |
| Suppress in OPAC | 0 |
| Withdrawn status | Lost status | Source of classification or shelving scheme | Damaged status | Not for loan | Home library | Current library | Shelving location | Date acquired | Total Checkouts | Full call number | Barcode | Date last seen | Copy number | Price effective from | Koha item type |
|---|---|---|---|---|---|---|---|---|---|---|---|---|---|---|---|
| Dewey Decimal Classification | London | London | Journal article | 31/08/2004 | ABS68091 | 127208-1001 | 06/08/2019 | 1 | 06/08/2019 | Journal article |